02573 2200781 4500001002100000005001500021035002000036007000300056008004100059020002200100082001000122084001600132100002000148245005000168250001100218260003600229300002200265650002400287520028000311990002500591990002500616990002500641990002500666990002500691990002500716990002500741990002500766990002500791990002500816990002500841990002500866990002500891990002500916990002500941990002500966990002500991990002501016990002501041990002501066990002501091990002501116990002501141990002501166990002501191990002501216990002501241990002501266990002501291990002501316990002501341990002501366990002501391990002501416990002501441990002501466990002501491990002501516990002501541990002501566990002501591990002501616990002501641990002501666990002501691990002501716990002501741990002501766INLIS00000000001015820221021090513 a0010-1021000036ta221021 g 0 ind  a978-979-876-188-9 a297.4 a297.4 DED s0 aDedi Ismatullah1 aSejarah sosial hukum islam /cDedi Ismatullah aCet. 1 aBandung :bPustaka Setia,c2011 a390 hlm. ;c23 cm 4aSejarah hukum islam aBuku ini membahas mengenai sejarah sosial serta perkembangan hukum islam dan dinamika fiqh pada zaman rasulullah, sahabat, bani dan dinasti umayyah, serta sejarah sosial hukum islam di Indonesia, buku ini disusun berdasarkan kurikulum terbaru nasional perguruan tinggi Islam. a24004/MKRI-P/VI-2016 a24005/MKRI-P/VI-2016 a24006/MKRI-P/VI-2016 a24007/MKRI-P/VI-2016 a24008/MKRI-P/VI-2016 a24009/MKRI-P/VI-2016 a24004/MKRI-P/VI-2016 a24005/MKRI-P/VI-2016 a24006/MKRI-P/VI-2016 a24007/MKRI-P/VI-2016 a24008/MKRI-P/VI-2016 a24009/MKRI-P/VI-2016 a24009/MKRI-P/VI-2016 a24004/MKRI-P/VI-2016 a24005/MKRI-P/VI-2016 a24006/MKRI-P/VI-2016 a24007/MKRI-P/VI-2016 a24008/MKRI-P/VI-2016 a24008/MKRI-P/VI-2016 a24004/MKRI-P/VI-2016 a24005/MKRI-P/VI-2016 a24006/MKRI-P/VI-2016 a24007/MKRI-P/VI-2016 a24009/MKRI-P/VI-2016 a24007/MKRI-P/VI-2016 a24004/MKRI-P/VI-2016 a24005/MKRI-P/VI-2016 a24006/MKRI-P/VI-2016 a24008/MKRI-P/VI-2016 a24009/MKRI-P/VI-2016 a24006/MKRI-P/VI-2016 a24004/MKRI-P/VI-2016 a24005/MKRI-P/VI-2016 a24007/MKRI-P/VI-2016 a24008/MKRI-P/VI-2016 a24009/MKRI-P/VI-2016 a24005/MKRI-P/VI-2016 a24004/MKRI-P/VI-2016 a24006/MKRI-P/VI-2016 a24007/MKRI-P/VI-2016 a24008/MKRI-P/VI-2016 a24009/MKRI-P/VI-2016 a24008/MKRI-P/VI-2016 a24004/MKRI-P/VI-2016 a24005/MKRI-P/VI-2016 a24006/MKRI-P/VI-2016 a24007/MKRI-P/VI-2016 a24009/MKRI-P/VI-2016